| 000 | 00985cam a2200301 a 4500 | ||
|---|---|---|---|
| 001 | 14248616 | ||
| 003 | ARRUPE | ||
| 005 | 20220510095724.0 | ||
| 008 | 050608s2005 stk b 001 0 eng d | ||
| 010 | _a 2006365249 | ||
| 015 |
_aGBA569118 _2bnb |
||
| 016 | 7 |
_a013274453 _2Uk |
|
| 020 | _a0863155332 | ||
| 035 | _a(OCoLC)ocm61302499 | ||
| 040 |
_aUKM _cUKM _dBAKER _dBWKUK _dDLC |
||
| 042 | _alccopycat | ||
| 050 | 0 | 0 |
_aB825 _b.M329 2005 |
| 082 | 0 | 0 |
_a146/.3 _222 |
| 100 | 1 |
_aMartin, Graham Dunstan. _934078 |
|
| 245 | 1 | 0 |
_aDoes it matter? : _bthe unsustainable world of the materialists / _cGraham Dunstan Martin. |
| 260 |
_aEdinburgh : _bFloris Books, _c2005. |
||
| 300 |
_a282 p. ; _c24 cm. |
||
| 504 | _aIncludes bibliographical references (p. [267]-278) and index. | ||
| 650 | 0 |
_aMaterialism. _920157 |
|
| 906 |
_a7 _bcbc _ccopycat _d2 _encip _f20 _gy-gencatlg |
||
| 942 |
_2lcc _cMONOGRAPH |
||
| 999 |
_c131395 _d131395 |
||